| 000 | 00525nam a2200181Ia 4500 | ||
|---|---|---|---|
| 005 | 20260415160344.0 | ||
| 008 | 008 250505s9999 xx 000 0 hin d | ||
| 037 | _aTextual | ||
| 040 |
_aFEDL _beng _cFEDL |
||
| 041 |
_ahin _2eng |
||
| 084 |
_a891.43 SHU _qFEDL |
||
| 100 |
_aShukla Ram Chandra _9405020 |
||
| 245 | 0 | _aChintamani: Aalochnamatk nibandh, Bhag 2 | |
| 260 |
_aKashi, India _bSaraswati Mandir _c2002 |
||
| 300 | _a260p | ||
| 942 |
_cTEXL _h891.43 SHU |
||
| 999 |
_c1322034 _d1322034 |
||